000 00392nam a22001337a 4500
999 _c520012
_d520012
008 220602b ||||| |||| 00| 0 eng d
100 _aJodhka, Surinder S. and Fazal, Tanweer
_933372
245 _aReligion and politics in South Asia
260 _aSociological Bulletin
300 _a70(4), Oct, 2021: p.447-452
773 _aSociological Bulletin
906 _aRELIGION
942 _cAR